000
00335nam a22001457a 4500
008
221005b ||||| |||| 00| 0 eng d
020
_a
007049603
041
_a
eng
080
_2
tenth edition
_a
61
082
_a
61
100
_a
4
101
_a
MJEKSI
245
_a
Principles of Internal Medicine
_c
PETERSDORF R
942
_2
udc
_c
BK
999
_c
58353
_d
58353